Music Quiz

Random Music Quiz

Seventeen Quiz Stats

 Plays Quiz not verified by Sporcle

Challenge
Share
Tweet
Embed
Score 0/13 Timer 06:00
0 Plays Today
Question Answer Wrong Answers
Who is the youngest ???
60.9%
???
0.3%
???
0.4%
???
0.4%
Who is the angel of the group ???
58.4%
???
0.9%
???
0.9%
???
0.3%
Who is the Chinese person in Seventeen ???
58.4%
???
0.7%
???
0.6%
???
2%
Who is the Vocal Team leader ???
58.1%
???
1.3%
???
0.8%
???
0.2%
Who is the Performance Team leader ???
56.9%
???
1.4%
???
0.8%
???
1.3%
Who is the oldest ???
56.8%
???
1.6%
???
0.9%
???
1.1%
Who is the tallest in Seventeen ???
56.7%
???
2%
???
0.8%
???
0.4%
Who is the Chinese child actor ???
56.6%
???
3.5%
???
0.2%
???
0.4%
Who comes from New York ???
55.7%
???
0.1%
???
0.4%
???
5.7%
Who is from Jegu-do ???
53.5%
???
3.4%
???
1.2%
???
1%
Who is the Christen in the group ???
52.9%
???
4.2%
???
1.3%
???
1.6%
Who has the lowest voice in the group ???
52.3%
???
4.3%
???
2.3%
???
1.7%
Who is one of the main vocals ???
50.2%
???
7.7%
???
1.1%
???
5.2%

You're not logged in!

Compare scores with friends on all Sporcle quizzes.
OR
Log In

You Might Also Like...

Show Comments

Extras

Created Nov 10, 2016ReportNominate

Top Quizzes Today


Score Distribution

Your Account Isn't Verified!

In order to create a playlist on Sporcle, you need to verify the email address you used during registration. Go to your Sporcle Settings to finish the process.

Report this User

Report this user for behavior that violates our Community Guidelines.

Details: